Take A Chance On Me - ABBA Lyrics (Mamma Mia Movie) - Statistics

General Stats
  • This quiz has been taken 114 times
  • The average score is 171 of 210
Answer Stats
% Correct
a
100%
chance
100%
I
100%
me
100%
me,
100%
take
100%
Take
100%
on
99%
you
97%
You
97%
the
96%
free,
94%
Chorus | Intro If
94%
if
94%
your
94%
do
93%
go,
93%
go
93%
I'm
93%
still
93%
be
90%
Honey,
90%
when
90%
When
90%
to
88%
you're
88%
no
87%
let
84%
Verse 1 We
82%
we
82%
all
79%
and
79%
feeling
79%
know
79%
alone
78%
down
78%
pretty
78%
can
76%
in
76%
need
76%
place
75%
change
73%
got
73%
it
73%
mind,
73%
my
73%
line
72%
best
70%
first
70%
birds
69%
so
69%
have
67%
very
67%
walking
67%
dancing,
66%
gonna
66%
Gonna
66%
love
64%
that
64%
we're
64%
try
63%
around
61%
as
61%
with
61%
it's
60%
better
58%
can't
58%
lie
58%
just
57%
long
57%
put
57%
together
57%
want
57%
Get
55%
maybe
54%
talking
54%
test,
54%
ain't
52%
magic
52%
much
51%
some
51%
there
49%
But
48%
flown
48%
Listen
48%
music,
48%
of
48%
I've
46%
wanna
46%
affair
45%
leave
45%
think
45%
Verse 2 'Cause
34%
Afraid
30%
dream
25%
No matching quizzes found
Score Distribution
Percent of People with Each Score
Percentile by Number Answered
Your Score History
You have not taken this quiz